Pays hôtes de la CAN (football masculin) - Statistiques

Statistiques générales
  • Ce quiz a été pris 24 fois
  • Le résultat moyen est 10 sur 36
Statistiques - réponses
Année Pays % Correct
2025 Maroc
100%
2023 Côte d'Ivoire
74%
2021 Cameroun
61%
2019 Égypte
61%
2027 Kenya, Ouganda, Tanzanie
61%
2013 Afrique du Sud
35%
2017 Gabon
35%
2012 Gabon, Guinée Équatoriale
30%
2008 Ghana
30%
2000 Ghana, Nigeria
30%
2015 Guinée Équatoriale
30%
1996 Afrique du Sud
26%
1990 Algérie
26%
2006 Égypte
26%
1988 Maroc
26%
1992 Sénégal
26%
2010 Angola
22%
1998 Burkina Faso
22%
1986 Égypte
22%
1978 Ghana
22%
1963 Ghana
22%
2002 Mali
22%
1980 Nigeria
22%
1959* République arabe unie (Égypte)
22%
1957 Soudan
22%
1972 Cameroun
17%
1974 Égypte
17%
1962 Éthiopie
17%
1970 Soudan
17%
2004 Tunisie
17%
1984 Cameroun
13%
1976 Éthiopie
13%
1968 Éthiopie
13%
1982 Libye
13%
1994 Tunisie
13%
1965 Tunisie
13%
Aucun quiz correspondant
Distribution des résultats
% des personnes avec chaque résultat
Percentile par nombre de réponses
Votre historique - résultats
Vous n’avez pas pris ce quiz